| 000 | 00478nam a2200157Ia 4500 | ||
|---|---|---|---|
| 008 | 170221s9999 xx 000 0 und d | ||
| 100 | _aHongbing Peng | ||
| 245 | _aManaging Divergence in EFL Doctoral Education of a Chinese University | ||
| 245 | _cHongbing Peng | ||
| 260 | _bStudies in Media and Communication | ||
| 260 | _c2014 | ||
| 300 | _a3 : | ||
| 650 | _xCommunication | ||
| 650 | _xMedia Arts | ||
| 856 | _uhttp://redfame.com/journal/index.php/smc/issue/view/106 | ||
| 999 |
_c308738 _d308738 |
||